[Event "15th Open"]
[Site "Ljubjana SLO"]
[Date "2004.07.14"]
[Round "7"]
[White "Sebenik,M"]
[Black "Kurajica,B"]
[Result "0-1"]
[WhiteElo "2426"]
[BlackElo "2540"]

1.d4 Nf6 2.c4 e6 3.Nf3 b6 4.g3 Ba6 5.Qb3 Nc6 6.Nbd2 Bb7 7.e4 d5 8.cxd5 exd5
9.e5 Ne4 10.Bd3 Bb4 11.O-O Qd7 12.Nxe4 dxe4 13.Bxe4 Nxd4 14.Qd3 O-O-O 15.Qxd4 Qxd4
16.Bxb7+ Kxb7 17.Nxd4 Rxd4 18.Be3 Re4 19.a3 Be7 20.Rfe1 Rd8 21.Bf4 Rxe1+
22.Rxe1 c5 23.Kg2 Rd3 24.Bc1 Kc6 25.Kf1 c4 26.Ke2 Bc5 27.f4 Bd4 28.Rd1 Rxd1
29.Kxd1 Kd5 30.Kc2 Ke4 31.Bd2 h5 32.Bc3 Bg1 33.h3 Bf2 34.g4 hxg4 35.hxg4 Kxf4
36.e6 fxe6 37.Bxg7 Bc5 38.a4 a6 39.Kc3 b5 40.Bf6 Kxg4 41.a5 Kf5 42.Bd8 Ke4
43.Bc7 Bd4+  0-1

[Event "VII Magistral"]
[Site "Vicente Lopez ARG"]
[Date "2004.07.14"]
[Round "6"]
[White "Slipak,S"]
[Black "Panno,O"]
[Result "1/2-1/2"]
[WhiteElo "2502"]
[BlackElo "2474"]

1.d4 Nf6 2.c4 e6 3.Nf3 b6 4.g3 Ba6 5.Qa4 c5 6.Bg2 Bb7 7.dxc5 Bxc5 8.O-O Be7
9.Nc3 O-O 10.Rd1 Na6 11.Bf4 Qc8 12.Rdc1 Rd8 13.Nd4 Bxg2 14.Kxg2 Qb7+ 15.f3 Nc5
16.Qc2 Rac8 17.e4 d6 18.Ndb5 Ne8 19.Be3  1/2-1/2

[Event "IM"]
[Site "Balatonlelle HUN"]
[Date "2004.07.19"]
[Round "1"]
[White "Berczes,D"]
[Black "Nemeth,Mi"]
[Result "0-1"]
[WhiteElo "2351"]
[BlackElo "2375"]

1.d4 Nf6 2.c4 e6 3.Nf3 b6 4.g3 Ba6 5.b3 b5 6.cxb5 Bxb5 7.Bg2 Bc6 8.O-O a5
9.Nc3 Bb4 10.Qc2 Qc8 11.Bg5 Qb7 12.Bxf6 gxf6 13.d5 Bxd5 14.Nxd5 exd5 15.Qf5 Be7
16.Nd4 c6 17.e4 dxe4 18.Qxe4 Kd8 19.Rad1 Ra6 20.Qg4 Rf8 21.Qg7 Qb4 22.Nf5 Kc7
23.Rfe1 Bc5 24.Qxf6 d5 25.Qh6 a4 26.bxa4 Rxa4 27.Rb1 Qg4 28.Ne3 Qg6 29.Qxg6 hxg6
30.Rbc1 Nd7 31.Rc2 Rfa8 32.Rec1 R8a5 33.h4 Rxa2 34.Bh3 Rxc2 35.Rxc2 Ne5 36.Ng4 Nf3+
37.Kf1 Ra1+ 38.Ke2 Nd4+  0-1

[Event "IM"]
[Site "Balatonlelle HUN"]
[Date "2004.07.20"]
[Round "2"]
[White "Lengyel,B"]
[Black "Berczes,D"]
[Result "1/2-1/2"]
[WhiteElo "2333"]
[BlackElo "2351"]

1.d4 Nf6 2.c4 e6 3.Nf3 b6 4.g3 Ba6 5.b3 Bb4+ 6.Bd2 Be7 7.Bg2 c6 8.Bc3 d5
9.Ne5 Nbd7 10.Nxd7 Nxd7 11.Nd2 O-O 12.O-O Nf6 13.a4 Rb8 14.Rc1 c5 15.e3 cxd4
16.Bxd4 Bb4 17.Nf3 Rc8 18.Ne5 Bd6 19.Qe2 Qe7 20.Rfd1 Bxe5 21.Bxe5 Nd7 22.Ba1 f6
23.Qa2 dxc4 24.b4 Nb8 25.b5 Bb7 26.Rxc4 Bxg2 27.Kxg2 Kf7 28.Rdc1 Qb7+ 29.e4 Nd7
30.Rc6 Rfe8 31.f3 Nc5 32.Rxc8 Rxc8 33.Bd4 Nd7 34.Rc4 Nb8 35.Qc2 Rxc4 36.Qxc4 Ke7
37.Bc3 Qd7 38.a5 Kd8 39.axb6 axb6 40.e5 fxe5 41.Qh4+ Kc8 42.Qxh7 Qxb5 43.Qg8+ Kb7
44.Qxg7+ Nd7 45.Be1 Kc6 46.Qg6 Qe2+ 47.Bf2 Nc5 48.h4 Kd6 49.Qb1 Kc6 50.h5 e4
51.fxe4 Qxh5 52.Bxc5 bxc5 53.Qd3 Qe5 54.Qa6+ Kc7 55.Qa7+ Kc6 56.Qa6+  1/2-1/2

[Event "7th Open"]
[Site "Korinthos GRE"]
[Date "2004.07.23"]
[Round "2"]
[White "Dorfanis,I"]
[Black "Gelashvili,T"]
[Result "0-1"]
[WhiteElo "2151"]
[BlackElo "2573"]

1.d4 Nf6 2.c4 e6 3.Nf3 b6 4.g3 Ba6 5.Qa4 Bb7 6.Bg2 c5 7.dxc5 Bxc5 8.O-O O-O
9.Nc3 Ne4 10.Qc2 Nxc3 11.Qxc3 Qe7 12.b3 Rd8 13.Bb2 f6 14.Nd4 Bxg2 15.Kxg2 Bxd4
16.Qxd4 Nc6 17.Qf4 d5 18.cxd5 Rxd5 19.Rac1 Qb7 20.Qf3 Rad8 21.Rc4 b5 22.Rg4 Rf5
23.Qe4 Kf7 24.Rc1 Rdd5 25.Rf4 Rxf4 26.Qxf4 Qd7 27.Rc2 h6 28.e4 Rd1 29.Qe3 Nb4
30.Rc5 Nd3 31.Ba3 Ne1+ 32.Kh3 e5+ 33.g4 Rd3  0-1

[Event "7th Open"]
[Site "Korinthos GRE"]
[Date "2004.07.24"]
[Round "4"]
[White "Jeremic,V"]
[Black "Parligras,M"]
[Result "1-0"]
[WhiteElo "2503"]
[BlackElo "2564"]

1.d4 Nf6 2.c4 e6 3.Nf3 b6 4.g3 Ba6 5.b3 Bb4+ 6.Bd2 Be7 7.Nc3 O-O 8.e4 d5
9.cxd5 Bxf1 10.Kxf1 exd5 11.e5 Ne4 12.Kg2 Qd7 13.Rc1 Nc6 14.Qe2 Nxc3 15.Rxc3 Nd8
16.Be3 Ne6 17.Rc2 a5 18.h4 h6 19.a4 b5 20.axb5 Rfb8 21.Rc6 a4 22.bxa4 Rxa4
23.Rhc1 Rb4 24.Ne1 R8xb5 25.Qg4 Bd8 26.Nd3 Rc4 27.Ra6 c5 28.Rd6 Qe7 29.Rxc4 dxc4
30.Nxc5 h5 31.Qe4 Nxc5 32.dxc5 Bc7 33.Qc6 Qxe5 34.Rd7 Rb2 35.Qf3 c3 36.Qxf7+ Kh7
37.Rxc7 Rb1 38.Re7  1-0

[Event "12th GM"]
[Site "Lippstadt GER"]
[Date "2004.07.24"]
[Round "1"]
[White "Schenk,A"]
[Black "Romanishin,O"]
[Result "1/2-1/2"]
[WhiteElo "2483"]
[BlackElo "2541"]

1.d4 Nf6 2.c4 e6 3.Nf3 b6 4.g3 Ba6 5.Nbd2 Bb4 6.Qc2 Bb7 7.Bg2 Be4 8.Qb3 Bxd2+
9.Bxd2 O-O 10.O-O d6 11.Rfd1 Nbd7 12.Rac1 h6 13.Bh3 Rb8 14.Qa3 a5 15.Bf1 Qc8
16.Be3 Ng4 17.Bf4 Re8 18.Bd2 Ngf6 19.Be3 Ng4 20.Bd2 Ngf6 21.Be3  1/2-1/2

[Event "7th Open"]
[Site "Korinthos GRE"]
[Date "2004.07.25"]
[Round "5"]
[White "Shneider,A"]
[Black "Baklan,V"]
[Result "1/2-1/2"]
[WhiteElo "2532"]
[BlackElo "2595"]

1.d4 Nf6 2.c4 e6 3.Nf3 b6 4.g3 Ba6 5.b3 Bb7 6.Bg2 Bb4+ 7.Bd2 a5 8.O-O O-O
9.Nc3 d6 10.Qc2 Nbd7 11.Rfe1 c5 12.Rad1 d5 13.cxd5  1/2-1/2

[Event "7th Open"]
[Site "Korinthos GRE"]
[Date "2004.07.26"]
[Round "6"]
[White "Skembris,S"]
[Black "Gelashvili,T"]
[Result "0-1"]
[WhiteElo "2434"]
[BlackElo "2573"]

1.d4 Nf6 2.c4 e6 3.Nf3 b6 4.g3 Ba6 5.b3 Bb4+ 6.Bd2 Be7 7.Bg2 c6 8.Bc3 d5
9.Ne5 Nbd7 10.Nxd7 Nxd7 11.Nd2 O-O 12.O-O f5 13.a4 Rb8 14.Qc2 Nf6 15.Rfd1 Qe8
16.Nf3 dxc4 17.Ne5 cxb3 18.Qxb3 Nd5 19.e4 fxe4 20.Bxe4 Bd6 21.Nc4 Bc7 22.Be1 Qh5
23.Rac1 Rf6 24.Ne5 Rbf8 25.Rxc6 Bxe5 26.dxe5 Qe2 27.Bg2 Rxf2 28.Bxf2 Rxf2
29.Bh3 Rxh2 30.Bxe6+ Kh8 31.Rc2 Rg2+ 32.Kh1 Qxc2 33.Qxc2 Rxc2 34.Bxd5 g6
35.e6 Rc7 36.Bb3 Bc8 37.g4 Kg7 38.g5 h6 39.gxh6+ Kxh6 40.Rd8 Bb7+ 41.Kg1 Bc6
42.Kf2 Kg5 43.Rf8 Kh6 44.Ke3 Kg7 45.Rd8 Kf6 46.Kd4 Rh7  0-1

[Event "7th Open"]
[Site "Korinthos GRE"]
[Date "2004.07.26"]
[Round "6"]
[White "Kapnisis,S"]
[Black "Perunovic,Mil"]
[Result "1/2-1/2"]
[WhiteElo "2429"]
[BlackElo "2555"]

1.d4 Nf6 2.c4 e6 3.Nf3 b6 4.g3 Ba6 5.Qb3 c6 6.Bf4 Be7 7.Nc3 d5 8.cxd5 exd5
9.Bg2 O-O 10.O-O Bb7 11.Rad1 Na6 12.Ne5 Nc7 13.Bg5 Nce8 14.Rfe1 h6 15.Bxf6 Nxf6
16.e4 Rc8 17.exd5 cxd5 18.Nd3 Bd6 19.Nxd5 Nxd5 20.Bxd5 Bxd5 21.Qxd5 Qf6 22.Rc1 Qg6
23.Ne5 Bxe5 24.Qxe5 Qd3 25.Rcd1 Qc3 26.d5 Rfd8 27.h4 Rd7 28.h5 Rcd8 29.Rd4 Qxb2
30.a4 Rd6 31.Re2 Qc1+ 32.Kg2 Qc8 33.Re3 Qd7 34.Red3 Rc8 35.Qe2 Rc5 36.Qe5 Rc8  1/2-1/2

[Event "Summer Open"]
[Site "Pirot SCG"]
[Date "2004.07.26"]
[Round "3"]
[White "Martinovic,Sl"]
[Black "Panic,Ne"]
[Result "1/2-1/2"]
[WhiteElo "2443"]
[BlackElo "2367"]

1.d4 Nf6 2.Nf3 b6 3.c4 e6 4.g3 Ba6 5.Qa4 c5 6.Bg2 Bb7 7.dxc5 Bxc5 8.O-O O-O
9.Nc3 Na6 10.Bf4 Be7 11.Rfd1 Nc5 12.Qc2 Nce4 13.Nxe4 Bxe4 14.Qb3 Qc8 15.Bd6 Bxd6
16.Rxd6 Qc5 17.Rdd1 d5 18.Nd2 Bxg2 19.Kxg2 Ng4 20.Rf1 d4 21.a4 a5 22.Qb5 Rab8
23.Nb3 Qd6 24.Rad1 e5 25.e3 Qh6 26.h3 dxe3 27.hxg4 e2 28.Qxe5 exf1=Q+ 29.Rxf1 Qc6+
30.Qd5 Qxd5+ 31.cxd5 Rfd8 32.Rd1 Rd6 33.Kf3 Rbd8 34.Ke4 Re8+ 35.Kd4 Rxd5+
36.Kxd5 Rd8+ 37.Kc6 Rxd1 38.Kxb6 Rb1 39.Nxa5 Rxb2+ 40.Kc5 Rxf2 41.Nc6 Kf8
42.a5 Ra2 43.Kb6 Ke8 44.a6 Kd7 45.a7 Rxa7 46.Nxa7  1/2-1/2

[Event "7th Open"]
[Site "Korinthos GRE"]
[Date "2004.07.27"]
[Round "7"]
[White "Lymar,I"]
[Black "Timoshenko,G"]
[Result "0-1"]
[WhiteElo "2350"]
[BlackElo "2536"]

1.d4 Nf6 2.Nf3 e6 3.c4 b6 4.g3 Ba6 5.b3 b5 6.cxb5 Bxb5 7.Bg2 Bc6 8.O-O a5
9.Nc3 Bb4 10.Qc2 Qc8 11.a3 Bxc3 12.Qxc3 Qb7 13.Qb2 O-O 14.Bf4 d6 15.Rfc1 Ra6
16.Bd2 Nbd7 17.Qc2 Rfa8 18.Ne1 Bxg2 19.Nxg2 c5 20.dxc5 Nxc5 21.b4 Nce4 22.bxa5 Nxd2
23.Qxd2 Qb5 24.Ne3 d5 25.a4 Qxa5 26.Qd4 h5 27.Rc5 Qd8 28.Rb5 Ne4 29.Kg2 Qf6
30.Qxf6 gxf6 31.g4 hxg4 32.Nxg4 Kg7 33.Rc1 Rxa4 34.f3 Nd6 35.Rbc5 Nc4 36.e4 Ra2+
37.Nf2 dxe4 38.fxe4  0-1

[Event "Summer Open"]
[Site "Pirot SCG"]
[Date "2004.07.28"]
[Round "5"]
[White "Martinovic,Sl"]
[Black "Tosic,M"]
[Result "1/2-1/2"]
[WhiteElo "2443"]
[BlackElo "2481"]

1.d4 e6 2.c4 Nf6 3.Nf3 b6 4.g3 Ba6 5.Qb3 Nc6 6.Nbd2 Na5 7.Qc3 d5 8.b3 c5
9.dxc5 bxc5 10.e3 Be7 11.Bb2 Qb6 12.Bg2 O-O 13.Ne5 Rad8 14.O-O Ne8 15.Rfd1 Bf6
16.Qc2 Bxe5 17.Bxe5 Nc6 18.Bb2 Nb4 19.Qc3 d4 20.exd4 cxd4 21.Qf3 Nd6 22.Ne4 Nf5
23.a3 Nc6 24.c5 Qb5 25.b4 Ne5 26.Qb3 Qe2 27.Rd2 Qc4 28.Qd1 Nd3 29.Bf1 Qd5
30.Bxd3 Bxd3 31.Rxd3 Qxe4 32.Qf3 Qxf3 33.Rxf3 Rd5 34.Rc1 Ne7 35.Kf1 e5 36.Rb3 Rc8
37.Ke2 f5 38.Kd3 e4+ 39.Kc4 d3 40.Bc3 a6 41.Re1 Kf7 42.Rbb1 g5 43.g4 Rcd8
44.Re3 Nc6 45.gxf5 Rxf5 46.Rxe4 Rxf2  1/2-1/2

[Event "Open"]
[Site "Kavala GRE"]
[Date "2004.08.01"]
[Round "2"]
[White "Jeremic,V"]
[Black "Gitsis,H"]
[Result "1-0"]
[WhiteElo "2503"]
[BlackElo "2089"]

1.d4 Nf6 2.c4 e6 3.Nf3 b6 4.g3 Ba6 5.b3 Bb4+ 6.Bd2 Be7 7.Nc3 O-O 8.e4 d5
9.cxd5 Bxf1 10.Kxf1 exd5 11.e5 Ne4 12.Kg2 c5 13.Qe2 Nc6 14.Rhd1 Nxc3 15.Bxc3 Qd7
16.Bb2 Rfd8 17.Rac1 Qe6 18.Ba3 Nxd4 19.Nxd4 cxd4 20.Bxe7 Qxe7 21.Rxd4 f6
22.f4 fxe5 23.Qxe5 Qxe5 24.fxe5 Kf7 25.Rc7+ Ke6 26.Rxg7 Kxe5 27.Rd2 h6 28.Rg6 d4
29.Kf3 Rf8+ 30.Ke2 Rh8 31.Rg7 Rhe8 32.Kd3 Kf6 33.Rg4 Rad8 34.Rf2+ Ke5 35.Re4+ Kd5
36.Rxd4+ Ke5 37.Re2+ Kf5 38.Rxe8 Rxe8 39.Rd7 Re1 40.Rxa7 Rh1 41.h4 Rg1 42.Rg7 Rd1+
43.Kc4 Rd6 44.h5 Re6 45.g4+ Ke5 46.a4 Rf6 47.Rg6  1-0

[Event "IV Mario Covas"]
[Site "Santos BRA"]
[Date "2004.08.02"]
[Round "3"]
[White "Milos,G"]
[Black "Zarnicki,P"]
[Result "1-0"]
[WhiteElo "2601"]
[BlackElo "2521"]

1.d4 Nf6 2.c4 e6 3.Nf3 b6 4.g3 Ba6 5.Nbd2 d5 6.Bg2 Be7 7.O-O O-O 8.Ne5 Bb7
9.b3 c5 10.dxc5 bxc5 11.Bb2 Nbd7 12.Qc2 Nxe5 13.Bxe5 Qb6 14.cxd5 exd5 15.e4 Nxe4
16.Nxe4 dxe4 17.Bxe4 Bxe4 18.Qxe4 Rfe8 19.Qf4 Qb4 20.Rac1 f6 21.Bc7 Bf8 22.Qf3 Qe4
23.Qc3 Qb7 24.Bf4 a5 25.Qc4+ Kh8 26.Rfe1 Rxe1+ 27.Rxe1 Qb4 28.Qe6 h6 29.Re4 Qb5
30.Qd5 Rc8 31.Bd2 Qb6 32.Bxh6 gxh6 33.Rg4 Bg7 34.Rxg7 Kxg7 35.Qd7+ Kg6 36.Qxc8 Kf7
37.Qd7+ Kg6 38.Qc8 Qd6 39.Qg8+ Kh5 40.h3 Qd4 41.Qg7 Qd1+ 42.Kh2  1-0

[Event "Open"]
[Site "Kavala GRE"]
[Date "2004.08.04"]
[Round "6"]
[White "Kiss,Pa"]
[Black "Shneider,A"]
[Result "1/2-1/2"]
[WhiteElo "2394"]
[BlackElo "2532"]

1.d4 Nf6 2.c4 e6 3.Nf3 b6 4.g3 Ba6 5.b3 b5 6.cxb5 Bxb5 7.Bg2 Bc6 8.O-O a5
9.Nc3 Bb4 10.Bb2 O-O 11.Ne5 Bxg2 12.Kxg2 Qc8 13.Qd3 d6 14.Nc4 Bxc3 15.Bxc3 a4
16.b4 Nbd7 17.a3 d5  1/2-1/2

[Event "Open"]
[Site "Kavala GRE"]
[Date "2004.08.06"]
[Round "8"]
[White "Jeremic,V"]
[Black "Shneider,A"]
[Result "1-0"]
[WhiteElo "2503"]
[BlackElo "2532"]

1.d4 Nf6 2.c4 e6 3.Nf3 b6 4.g3 Ba6 5.b3 Bb4+ 6.Bd2 Be7 7.Nc3 O-O 8.e4 d5
9.cxd5 Bxf1 10.Kxf1 exd5 11.e5 Ne4 12.Kg2 Qd7 13.Qe2 Nxc3 14.Bxc3 Nc6 15.Rhc1 Nd8
16.b4 c6 17.Rc2 Ne6 18.Rac1 Rac8 19.Bd2 f5 20.exf6 Bxf6 21.Be3 Qd6 22.a3 Rc7
23.Qd3 Qd7 24.h4 g6 25.h5 gxh5 26.Rh1 Qf7 27.Bh6 Re8 28.Rhc1 Rec8 29.Qe3 Ng7
30.Bf4 Re7 31.Qd2 Rcc7 32.b5 Qe8 33.Bg5 Bxg5 34.Qxg5 h6 35.Qf4 Kh7 36.a4 Re4
37.Qd2 Re6 38.Qd3+ Kg8 39.Qb3 Kh7 40.Qd3+ Kg8 41.Nh4 Rf6 42.Nf3 Re6 43.Rc3 Rf6
44.Qc2 c5 45.dxc5 bxc5 46.Rxc5 Rxc5 47.Qxc5 Qe4 48.Qe3 Qxa4 49.Rc8+ Rf8 50.Rxf8+ Kxf8
51.Qc5+ Kg8 52.Qxd5+ Kh7 53.Ne5 h4 54.Qd3+ Kg8 55.g4 Qf4 56.Qe3 Qb4 57.Qf3 Qxb5
58.Qf7+ Kh8  1-0

[Event "ch-ESP GpB"]
[Site "Seville ESP"]
[Date "2004.08.13"]
[Round "1"]
[White "Oms Pallise,J"]
[Black "Del Rio Angelis,S"]
[Result "1-0"]
[WhiteElo "2518"]
[BlackElo "2502"]

1.d4 Nf6 2.c4 e6 3.Nf3 b6 4.g3 Ba6 5.b3 Bb7 6.Bg2 Bb4+ 7.Bd2 c5 8.Bxb4 cxb4
9.O-O O-O 10.Qd3 d6 11.Nbd2 Nbd7 12.Ne1 Bxg2 13.Nxg2 d5 14.Ne3 Re8 15.Rac1 a5
16.Rc2 Nf8 17.Rfc1 Ng6 18.cxd5 exd5 19.Rc7 Nf8 20.Ng2 Ne6 21.R7c2 Ne4 22.f3 Nxd2
23.Rxd2 Qf6 24.Rc6 Rab8 25.Ne3 Qg5 26.Kf2 Qh6 27.Ng4 Qh5 28.Kg2 f5 29.Nf2 Qg5
30.Nh3 Qf6 31.Rdc2 g5 32.Nf2 Qf7 33.Rd6 Re7 34.Rcc6 b5 35.Rb6 Rbe8 36.e3 Ng7
37.Rf6 Qh5 38.Qxb5 Rxe3 39.Qxd5+ Kh8 40.Rh6  1-0

[Event "HZ Open"]
[Site "Vlissingen NED"]
[Date "2004.08.14"]
[Round "9"]
[White "Ikonnikov,Vy"]
[Black "Iordachescu,V"]
[Result "1/2-1/2"]
[WhiteElo "2543"]
[BlackElo "2633"]

1.d4 Nf6 2.Nf3 e6 3.c4 b6 4.g3 Ba6 5.Qa4 Bb7 6.Bg2 c5 7.O-O cxd4 8.Nxd4 Bxg2
9.Kxg2 Qc8 10.Rd1 Be7 11.f3 O-O 12.Nc3 Na6 13.Bf4 Nc5 14.Qc2 Nb7 15.Qd3 a6
16.Rac1 Rd8 17.e4 Nc5 18.Qe2 d6 19.b4 Ncd7 20.b5 Nb8 21.Nb3 axb5 22.Nxb5 Ne8
23.Rc2 Ra4 24.Rcd2 Rxc4 25.Nxd6 Nxd6 26.Bxd6 Rxd6 27.Rxd6 Bxd6 28.Rxd6 Rc2
29.Rd8+ Qxd8 30.Qxc2  1/2-1/2

[Event "Knjaz Milos Jezero Open"]
[Site "Belgrade SCG"]
[Date "2004.08.18"]
[Round "2"]
[White "Brujic,B"]
[Black "Pikula,D"]
[Result "0-1"]
[WhiteElo "2200"]
[BlackElo "2508"]

1.d4 Nf6 2.c4 e6 3.Nf3 b6 4.g3 Ba6 5.Qc2 Bb7 6.Nc3 Bb4 7.Bd2 c5 8.dxc5 Bxc5
9.Bg2 a6 10.O-O Be7 11.e4 d6 12.h3 Qc7 13.Qd3 Nbd7 14.Qe2 Rc8 15.b3 O-O 16.Nd4 Rfe8
17.Rac1 Rf8 18.Rfe1 Qb8 19.Nc2 Qa8 20.g4 h6 21.f4 Nc5 22.g5 hxg5 23.fxg5 Nh7
24.Rf1 b5 25.b4 Nd7 26.cxb5 axb5 27.Nxb5 Qxa2 28.Nba3 Ne5 29.Ra1 Qb3 30.Nd4 Qg3
31.Qe3 Qxe3+ 32.Bxe3 d5 33.exd5 exd5 34.Nac2 Nc4 35.Bf4 Ra8 36.h4 Nd6 37.Bh3 Rfd8
38.g6 Nf6 39.gxf7+ Nxf7 40.Ne6 Re8 41.Rac1 Bc8 42.Rfe1 Ne4  0-1

[Event "Open"]
[Site "Vladimir RUS"]
[Date "2004.08.21"]
[Round "4"]
[White "Gavrilov,Al1"]
[Black "Shaposhnikov,E"]
[Result "1/2-1/2"]
[WhiteElo "2441"]
[BlackElo "2563"]

1.d4 Nf6 2.c4 e6 3.Nf3 b6 4.g3 Ba6 5.Nbd2 c5 6.e4 cxd4 7.e5 Ng4 8.h3 Nh6
9.Bg2 Nc6 10.O-O Be7 11.a3 Nf5 12.b4 Bb7 13.g4 Nh4 14.Nxh4 Bxh4 15.Ne4 Be7  1/2-1/2

[Event "Knjaz Milos Jezero Open"]
[Site "Belgrade SCG"]
[Date "2004.08.23"]
[Round "7"]
[White "Jovanovic,Dras"]
[Black "Pikula,D"]
[Result "1-0"]
[WhiteElo "2240"]
[BlackElo "2508"]

1.d4 Nf6 2.Nf3 e6 3.c4 b6 4.g3 Ba6 5.Nbd2 Bb4 6.Qc2 Bb7 7.Bg2 Be4 8.Qb3 Nc6
9.O-O Bxd2 10.Bxd2 Bxf3 11.Qxf3 O-O 12.Qc3 Ne8 13.b4 Rc8 14.e4 Ne7 15.c5 d5
16.e5 c6 17.a4 Nc7 18.Bg5 f6 19.exf6 gxf6 20.Bh6 Rf7 21.Bh3 Qd7 22.Rfe1 Ng6
23.cxb6 axb6 24.Rac1 Ne7 25.Bf4 f5 26.Qe3 e5 27.Bxe5 Ne6 28.a5 bxa5 29.bxa5 Ng6
30.a6 Re8 31.f4 Qa7 32.Rxc6 Nxd4 33.Qxd4 Qxd4+ 34.Bxd4 Rxe1+ 35.Kf2 Re8 36.a7 Ra8
37.Bg2 Rd7 38.Rc7 Rd6 39.Rb7  1-0

[Event "Open"]
[Site "Vladimir RUS"]
[Date "2004.08.23"]
[Round "6"]
[White "Gavrilov,Al1"]
[Black "Tunik,G"]
[Result "1/2-1/2"]
[WhiteElo "2441"]
[BlackElo "2505"]

1.d4 Nf6 2.c4 e6 3.Nf3 b6 4.g3 Ba6 5.Nbd2 Bb7 6.Bg2 c5 7.e4 cxd4 8.O-O d6
9.Nxd4 Nfd7 10.a4 Nc6 11.Nxc6 Bxc6 12.Nb1 Be7 13.Nc3 O-O 14.Be3 Qb8 15.Qe2 Bf6
16.Nb5 a6 17.Nd4 Bxd4 18.Bxd4 e5 19.Be3 Nc5 20.Qc2 a5 21.b3 Qb7 22.f3 Qe7
23.Bh3 h5 24.Rab1 g6 25.Qd2 Kh7 26.Rfd1 Rfd8 27.Qc3 Kg7 28.Bg2 f6 29.h4 Bd7
30.Bc1 Be6 31.Qd2 Kf7 32.Kh2 Ra7 33.f4 Bg4 34.Rf1 Kg8 35.Qe3 Rf8 36.f5 Qh7
37.Rb2 Rg7 38.Rbf2 g5 39.Rd2 gxh4 40.gxh4 Rd8 41.Rg1 Kf8 42.Bf1 Ke7 43.Ba3 Qg8
44.Rg3 Qe8 45.Bg2 Qc6 46.Rd5 Rdg8 47.Bh1 Kd8 48.Bxc5 bxc5 49.Qd2 Rd7 50.Qxa5+ Ke7
51.Qd2 Kd8 52.Qh6 Rf7 53.Bf3 Kc7 54.Bxg4 hxg4 55.Rgd3 g3+ 56.Rxg3 Rxg3 57.Kxg3 Qa8
58.Kh3 Qg8 59.Rd1 Qb8 60.Rd3 Qb7 61.Qg6 Rd7 62.Qg2 Qb4 63.Qd2 Qa3 64.h5 Qa1
65.Qd1 Qb2 66.Rg3 Qf2 67.Qf3 Qd2 68.Rg2 Qc1 69.Rg6 Rf7 70.Kh2 Qe1 71.Rg3 Qd2+
72.Rg2 Qe1 73.Qg4 Kc6 74.Rg1 Qf2+ 75.Kh3 Qe3+ 76.Rg3 Qe1 77.Qf3 Qc1 78.Kh2 Qe1  1/2-1/2

[Event "Knjaz Milos Jezero Open"]
[Site "Belgrade SCG"]
[Date "2004.08.25"]
[Round "9"]
[White "Nikolic,Br"]
[Black "Vranesevic,D"]
[Result "1-0"]
[WhiteElo "2144"]
[BlackElo "2038"]

1.d4 Nf6 2.c4 e6 3.Nf3 b6 4.g3 Ba6 5.b3 b5 6.cxb5 Bxb5 7.Nc3 Bc6 8.Bg2 Qc8
9.O-O Qb7 10.Re1 Bb4 11.Bd2 a5 12.a3 Bxc3 13.Bxc3 Bd5 14.Rb1 Be4 15.Rb2 Nd5
16.Qd2 Nxc3 17.Qxc3 O-O 18.b4 axb4 19.Rxb4 Qa7 20.Ra1 Na6 21.Ra4 Qb7 22.Ne1 Bxg2
23.Nxg2 Rfb8 24.Nf4 c6 25.Nd3 Nc7 26.Nc5 Qc8 27.Rc4 Nb5 28.Qc1 Nd6 29.Rc2 Nb7
30.a4 Na5 31.Qe3 Rb4 32.Rc3 Qc7 33.Qd3 Qa7 34.e3 d6 35.Ne4 Qd7 36.Ng5 f5
37.Nf3 Nb7 38.Qc2 c5 39.Rca3 Ra5 40.Nd2 cxd4 41.Nb3 Ra8 42.Nxd4 Na5 43.Rc3 d5
44.Rc7 Qe8 45.Qc3 Rc4 46.Rxc4 dxc4 47.Nb5 Qd7 48.Nd4 Kf7 49.Nf3 Kg8 50.Ne5 Qd5
51.f3 Nb3 52.Ra2 Qc5 53.Kf2 Na5 54.Rb2 Qc7 55.Rb5 Ra6 56.Qb4 c3  1-0

[Event "I Fincas Mediterranea"]
[Site "Castelldefels ESP"]
[Date "2004.08.26"]
[Round "9"]
[White "Fortes Gil,J"]
[Black "Vera Pons,F"]
[Result "0-1"]
[WhiteElo "2017"]
[BlackElo "2161"]

1.d4 Nf6 2.c4 e6 3.Nf3 b6 4.g3 Ba6 5.b3 Bb7 6.Bg2 Bb4+ 7.Bd2 a5 8.O-O O-O
9.Nc3 d6 10.Qc2 Nbd7 11.Rfd1 Bxc3 12.Bxc3 Be4 13.Qd2 a4 14.Ng5 Bxg2 15.Kxg2 Qb8
16.f3 b5 17.e4 e5 18.d5 axb3 19.axb3 bxc4 20.bxc4 Qb3 21.Ba5 Rfc8 22.Qc3 Qxc3
23.Bxc3 Nc5 24.Rxa8 Rxa8 25.Ra1 Rxa1 26.Bxa1 Nfd7 27.Bc3 h6 28.Nh3 Nb6 29.Ba5 Nb3
30.Bxb6 cxb6 31.Kf2 Nd2 32.Ke2 Nxc4 33.Kd3 Na5 34.Kc3 Kf8 35.Kb4 Ke7 36.Kb5 Kd7
37.Kxb6 Nc4+ 38.Kb5 Nd2 39.Ng1 Nf1 40.f4 Nd2 41.fxe5 dxe5 42.Ne2 Nxe4 43.Kc4 Kd6
44.g4 Nf6 45.Nc3 Nxg4 46.Ne4+ Kd7 47.Nc5+ Ke7 48.Nd3 Kd6  0-1

[Event "IM"]
[Site "Kostrena CRO"]
[Date "2004.08.27"]
[Round "2"]
[White "Ramesa,M"]
[Black "Zorko,Ju"]
[Result "1/2-1/2"]
[WhiteElo "2207"]
[BlackElo "2319"]

1.d4 Nf6 2.Nf3 e6 3.c4 b6 4.g3 Ba6 5.b3 Bb4+ 6.Bd2 Be7 7.Bg2 c6 8.Bc3 d5
9.Nbd2 Nbd7 10.O-O O-O 11.Re1 Rc8 12.e4 Nxe4 13.Nxe4 dxe4 14.Rxe4 Bf6 15.Qe1 Bb7
16.Re3 Qc7 17.Ne5 Nxe5 18.dxe5 Be7 19.Rd1 Rfd8  1/2-1/2

[Event "3rd Autumn"]
[Site "Alushta UKR"]
[Date "2004.09.05"]
[Round "9"]
[White "Neelotpal,D"]
[Black "Obukhov,A"]
[Result "1/2-1/2"]
[WhiteElo "2448"]
[BlackElo "2475"]

1.d4 Nf6 2.Nf3 e6 3.c4 b6 4.g3 Ba6 5.Qa4 c5 6.Bg2 Bb7 7.O-O Be7 8.Nc3 O-O
9.Rd1 cxd4 10.Nxd4 Bxg2 11.Kxg2 Qc7 12.Bf4 Qb7+ 13.Kg1 a6 14.Nf3 Rc8 15.Rd2 Qc6
16.Qd1 Qb7 17.Qa4 Qc6 18.Qd1 Qb7  1/2-1/2

[Event "TCh-CRO"]
[Site "Rabac CRO"]
[Date "2004.09.05"]
[Round "1"]
[White "Loncar,R"]
[Black "Kurajica,B"]
[Result "1/2-1/2"]
[WhiteElo "2370"]
[BlackElo "2540"]

1.d4 Nf6 2.Nf3 e6 3.c4 b6 4.g3 Ba6 5.Qa4 Bb7 6.Bg2 Be7 7.O-O O-O 8.Nc3 Ne4
9.Qc2 Nxc3 10.Qxc3 c5 11.Qc2 Nc6 12.dxc5 bxc5 13.Rd1 d6 14.Be3 Qc7 15.Bg5 f6
16.Bd2 e5 17.e3 f5 18.Bc3 e4 19.Nd2 Rae8 20.a3 a5 21.Rac1 h5 22.Nb1 h4 23.Qe2 hxg3
24.fxg3 Bg5 25.Rf1 Qe7 26.Rcd1 Qe6 27.a4 Ba6 28.Na3 Qh6 29.Rfe1 Nb4 30.Bxb4 axb4
31.Nb5 Bxb5 32.axb5 Qf6 33.b3  1/2-1/2

[Event "TCh-SCG Men"]
[Site "Budva SCG"]
[Date "2004.09.09"]
[Round "2"]
[White "Ristic,Neb1"]
[Black "Kurcubic,A"]
[Result "1-0"]
[WhiteElo "2376"]
[BlackElo "2342"]

1.Nf3 Nf6 2.d4 e6 3.c4 b6 4.g3 Ba6 5.Nbd2 c5 6.Bg2 Bb7 7.O-O d5 8.dxc5 Bxc5
9.b3 dxc4 10.Nxc4 O-O 11.Bb2 Qe7 12.Qc2 Nbd7 13.Nfe5 Bxg2 14.Kxg2 Nxe5 15.Nxe5 Qb7+
16.Nf3 Ne4 17.Rad1 Rac8 18.Qb1 h6 19.b4 Be7 20.Rd4 Ng5 21.Rfd1 Nxf3 22.exf3 Rfd8
23.Rg4 Bf8 24.Rxd8 Rxd8 25.Qc2 b5 26.Qc3 f5 27.Rg6 Qf7 28.Rxh6 Bxb4 29.Qxb4 gxh6
30.Qxb5 Qc7 31.Qe2 Re8 32.Qe3 Kh7 33.Be5 Qf7 34.Bd4 e5 35.Bxe5 Qxa2 36.Qc5 Qf7
37.Bd4 a6 38.h4 Qd7 39.Be3 Ra8 40.Qb6 Qg7 41.Bxh6 Qf7 42.Bf4 Re8 43.Qh6+ Kg8
44.Qxa6 Re6 45.Qb5 Kh7 46.Be3 Rg6 47.Qe5 Qf6 48.Qf4 Qe6 49.Bd4 Qf7 50.g4 Re6
51.g5 Kg8 52.Bc3 Re8 53.Qd4 Qg6 54.Qd7 Rf8 55.f4 Rf7 56.Qe8+  1-0

[Event "FSGM September"]
[Site "Budapest HUN"]
[Date "2004.09.10"]
[Round "7"]
[White "Ilincic,Z"]
[Black "Lukin,A"]
[Result "1/2-1/2"]
[WhiteElo "2520"]
[BlackElo "2417"]

1.d4 Nf6 2.c4 e6 3.Nf3 b6 4.g3 Ba6 5.Qa4 Bb7 6.Bg2 c5 7.O-O cxd4 8.Nxd4 Bxg2
9.Kxg2 Qc8 10.Rd1 Qb7+ 11.f3 a6 12.Nc3 Be7 13.Bg5 h6 14.Bxf6 Bxf6 15.Ne4 Be7
16.Qb3 Qc7 17.f4 f5 18.Qf3 fxe4 19.Qh5+ Kf8 20.f5 Qe5 21.Rf1 Bf6 22.Rad1 Ke7
23.Qg6 h5 24.fxe6 dxe6 25.Rxf6 Qxf6 26.Qxe4 Rd8 27.Qxa8 Rxd4 28.Rxd4 Qxd4
29.Qxb8 Qxb2 30.Qc7+ Kf6 31.Qd8+ Kf7 32.Qd7+ Kf6 33.Qd8+ Kf7  1/2-1/2

[Event "TCh-CRO"]
[Site "Rabac CRO"]
[Date "2004.09.10"]
[Round "6"]
[White "Mikhalchishin,A"]
[Black "Sax,G"]
[Result "1/2-1/2"]
[WhiteElo "2527"]
[BlackElo "2535"]

1.d4 Nf6 2.c4 e6 3.Nf3 b6 4.g3 Ba6 5.b3 Bb4+ 6.Bd2 Be7 7.Bg2 c6 8.Bc3 d5
9.Ne5 Nfd7 10.Nxd7 Nxd7 11.Nd2 O-O 12.e4 Rc8 13.O-O b5 14.Re1  1/2-1/2

[Event "TCh-CRO"]
[Site "Rabac CRO"]
[Date "2004.09.11"]
[Round "7"]
[White "Bilobrk,F"]
[Black "Loncar,R"]
[Result "1/2-1/2"]
[WhiteElo "2328"]
[BlackElo "2370"]

1.d4 Nf6 2.c4 e6 3.Nf3 b6 4.g3 Ba6 5.b3 Bb7 6.Bg2 Bb4+ 7.Bd2 a5 8.O-O O-O
9.Nc3 d6 10.Qc2 Nbd7 11.Rfd1 Bxc3 12.Bxc3 Be4 13.Qb2 c6 14.Bh3 Qb8 15.Ne1 d5
16.Bd2 b5 17.Bf4 Qb7 18.cxd5 cxd5 19.Rac1 Rfc8 20.Rxc8+ Rxc8 21.Rc1 h6 22.Bf1 Rc6
23.Bd2 b4 24.Rxc6 Qxc6 25.a3 Qb6 26.e3 Bf5 27.f3 g5 28.g4 Bg6 29.Qa1 h5 30.h3 hxg4
31.hxg4 Qd6 32.axb4 Qg3+ 33.Bg2 axb4 34.Qa5 e5 35.Qc7 Be4 36.Qd6 Bxf3 37.Nxf3 Ne4
38.Qxd7 Qf2+ 39.Kh2 Qg3+  1/2-1/2

[Event "TCh-CRO u20"]
[Site "Rabac CRO"]
[Date "2004.09.12"]
[Round "8"]
[White "Rukavina,Dar"]
[Black "Bosiocic,Mari"]
[Result "1/2-1/2"]
[WhiteElo "2086"]
[BlackElo "2308"]

1.d4 Nf6 2.c4 e6 3.Nf3 b6 4.g3 Ba6 5.Qa4 c5 6.Bg2 Bb7 7.dxc5 Bxc5 8.O-O O-O
9.Nc3 Be7 10.Rd1 Na6 11.Bg5 Nc5 12.Qc2 h6 13.Bxf6 Bxf6 14.Rac1 Qe7 15.b4 Bxc3
16.Qxc3 Ne4 17.Qb2 Nf6 18.a3 Rac8 19.Nd2 Bxg2 20.Kxg2 Rc7 21.Nb3 Rfc8 22.Qd4 e5
23.Qd3 Qe6 24.Nd2 e4 25.Qd4 b5 26.c5 d6 27.Rc2 dxc5 28.Rxc5 Rxc5 29.bxc5 Qc6
30.Nb3 Qe6 31.Nd2 e3 32.fxe3 Ng4 33.e4 Qc6 34.Rc1 Nf6 35.Kg1 Rc7 36.Nf3 Qe8
37.e5 Rd7 38.Qb2 Nd5 39.c6 Rc7 40.Qxb5 Ne7 41.Nd4 Qc8 42.Qc5  1/2-1/2